000 01106nac a22003497a 4500
001 BR8105700
003 BR-BrBNA
005 20240105115053.0
008 230509b bl.|||m| |||| 00| 0 por d
040 _aBR-BrBNA
_bpor
_cBiblioteca Nacional de Agricultura
072 _aF00
090 _a0337 BR8105700
100 1 _aBolson, E.L.
110 1 _aServico de Producao de Sementes Basicas, Brasilia, DF (Brasil)
_99327
245 1 _aTecnicas para a producao de sementes de girassol [polinizacao, hibrido, plantio, beneficiamento, armazenamento]
260 3 _aBrasilia, DF (Brasil):
_c1981.
300 _a27 p.
490 _aCircular Tecnica - Servico de Producao de Sementes Basicos (Brazil)
_vno. 1
_x
500 _aSummaries (En, Pt); 32 ref.
650 _aGIRASSOL
650 _aSEMENTE
650 _aPRATICA CULTURAL
650 _aPOLINIZACAO
650 _aHIBRIDO
650 _aPODA
650 _aCOLHEITA
650 _aARMAZENAMENTO
650 _aBENEFICIAMENTO
650 _aCONTROLE DE QUALIDADE
909 _a202312
_bLúcia Elande
_c55
_dLúcia Elande
942 _2AGRIS
_n0
_cMS
999 _c272878
_d272878